<?xml version="1.0" encoding="UTF-8"?>
<record
    xmlns:xsi="http://www.w3.org/2001/XMLSchema-instance"
    xsi:schemaLocation="http://www.loc.gov/MARC21/slim http://www.loc.gov/standards/marcxml/schema/MARC21slim.xsd"
    xmlns="http://www.loc.gov/MARC21/slim">

  <leader>01039nam a22002177a 4500</leader>
  <controlfield tag="005">20230828171455.0</controlfield>
  <datafield tag="010" ind1=" " ind2=" ">
    <subfield code="a">HIN-125692</subfield>
  </datafield>
  <datafield tag="020" ind1=" " ind2=" ">
    <subfield code="c">250.00</subfield>
    <subfield code="a">9789392080289</subfield>
  </datafield>
  <datafield tag="035" ind1=" " ind2=" ">
    <subfield code="a">HN-98038</subfield>
  </datafield>
  <datafield tag="037" ind1=" " ind2=" ">
    <subfield code="b">DBAD/PUB</subfield>
  </datafield>
  <datafield tag="082" ind1=" " ind2=" ">
    <subfield code="a">615.822</subfield>
  </datafield>
  <datafield tag="100" ind1=" " ind2=" ">
    <subfield code="a">&#x905;&#x92E;&#x943;&#x924; &#x932;&#x93E;&#x932; '&#x917;&#x941;&#x930;&#x94D;&#x935;&#x947;&#x928;&#x94D;&#x926;&#x94D;&#x930;'</subfield>
    <subfield code="9">55502</subfield>
  </datafield>
  <datafield tag="245" ind1=" " ind2=" ">
    <subfield code="a">&#x90F;&#x915;&#x94D;&#x92F;&#x942;&#x92A;&#x94D;&#x930;&#x947;&#x936;&#x930; &#x938;&#x93F;&#x902;&#x926;&#x94D;&#x927;&#x93E;&#x902;&#x924;  &#x90F;&#x935;&#x902; &#x92A;&#x94D;&#x930;&#x92F;&#x94B;&#x917;   /</subfield>
    <subfield code="c">&#x905;&#x92E;&#x943;&#x924; &#x932;&#x93E;&#x932; '&#x917;&#x941;&#x930;&#x94D;&#x935;&#x947;&#x928;&#x94D;&#x926;&#x94D;&#x930;' &#x914;&#x930; &#x917;&#x93E;&#x92F;&#x924;&#x94D;&#x930;&#x940; '&#x917;&#x941;&#x930;&#x94D;&#x935;&#x947;&#x928;&#x94D;&#x926;&#x94D;&#x930;'</subfield>
  </datafield>
  <datafield tag="260" ind1=" " ind2=" ">
    <subfield code="b">&#x915;&#x93F;&#x924;&#x93E;&#x92C; &#x92E;&#x939;&#x932; &#x92A;&#x92C;&#x94D;&#x932;&#x93F;&#x936;&#x930;&#x94D;&#x938; </subfield>
    <subfield code="c">2022</subfield>
    <subfield code="a">&#x928;&#x908; &#x926;&#x93F;&#x932;&#x94D;&#x932;&#x940; </subfield>
  </datafield>
  <datafield tag="270" ind1=" " ind2=" ">
    <subfield code="a">4655/21 &#x905;&#x902;&#x938;&#x93E;&#x930;&#x940; &#x930;&#x94B;&#x921; &#x917;&#x94D;&#x930;&#x93E;&#x909;&#x902;&#x921; &#x92B;&#x94D;&#x932;&#x94B;&#x930; &#x926;&#x930;&#x93F;&#x92F;&#x93E;&#x917;&#x902;&#x91C; </subfield>
    <subfield code="b">&#x928;&#x908; &#x926;&#x93F;&#x932;&#x94D;&#x932;&#x940; </subfield>
    <subfield code="e">110002 </subfield>
  </datafield>
  <datafield tag="300" ind1=" " ind2=" ">
    <subfield code="a">167 &#x92A;&#x943;.</subfield>
    <subfield code="c">22 &#x938;&#x947;&#x92E;&#x940;(&#x905;&#x91C;&#x93F;&#x932;&#x94D;&#x926; ) </subfield>
  </datafield>
  <datafield tag="650" ind1=" " ind2=" ">
    <subfield code="x"> </subfield>
    <subfield code="z"> </subfield>
    <subfield code="9">55503</subfield>
  </datafield>
  <datafield tag="650" ind1=" " ind2=" ">
    <subfield code="v"> </subfield>
    <subfield code="9">55504</subfield>
  </datafield>
  <datafield tag="700" ind1=" " ind2=" ">
    <subfield code="a"> &#x917;&#x93E;&#x92F;&#x924;&#x94D;&#x930;&#x940; </subfield>
    <subfield code="9">55383</subfield>
  </datafield>
  <datafield tag="942" ind1=" " ind2=" ">
    <subfield code="2">ddc</subfield>
    <subfield code="c">HN</subfield>
    <subfield code="h">615.822</subfield>
    <subfield code="m">&#x905;&#x92E;&#x943;&#x924; </subfield>
  </datafield>
  <datafield tag="999" ind1=" " ind2=" ">
    <subfield code="c">197635</subfield>
    <subfield code="d">197635</subfield>
  </datafield>
  <datafield tag="952" ind1=" " ind2=" ">
    <subfield code="0">0</subfield>
    <subfield code="1">0</subfield>
    <subfield code="4">0</subfield>
    <subfield code="7">0</subfield>
    <subfield code="8">NFIC</subfield>
    <subfield code="a">VP</subfield>
    <subfield code="b">VP</subfield>
    <subfield code="d">2023-08-28</subfield>
    <subfield code="e">DBAD/PUB</subfield>
    <subfield code="g">250.00</subfield>
    <subfield code="l">0</subfield>
    <subfield code="o">615.822 &#x905;&#x92E;&#x943;&#x924; </subfield>
    <subfield code="p">HN-98038</subfield>
    <subfield code="r">2023-08-28 00:00:00</subfield>
    <subfield code="t">1</subfield>
    <subfield code="v">250.00</subfield>
    <subfield code="w">2023-08-28</subfield>
    <subfield code="y">HN</subfield>
  </datafield>
</record>
